| 000 | 02061nam a2200481 i 4500 | ||
|---|---|---|---|
| 001 | 31212 | ||
| 003 | FINmELB | ||
| 005 | 20241216220635.0 | ||
| 006 | m o d | | ||
| 007 | cr cnu|||||||| | ||
| 008 | 171005s2014 sp a ob 001 0 spa d | ||
| 020 |
_a9788430961986 _q(e-book) |
||
| 035 | _a(OCoLC)1145095475 | ||
| 040 |
_aFINmELB _bspa _erda _cFINmELB |
||
| 050 | 4 |
_aDP302.B53 _bS444 2014 |
|
| 080 | _a341.231 | ||
| 080 | _a946.0 | ||
| 082 | 0 |
_a946.6 _223 |
|
| 245 | 0 | 3 |
_aLa secesión de España : _bbases para un debate desde el País Vasco / _cJoseba Arregi Aranburu (coordinador) ; Joseba Arregi Aranburu [y otros 6]. |
| 264 | 1 |
_aMadrid : _bDifusora Larousse - Editorial Tecnos, _c[2014] |
|
| 300 |
_a1 recurso en línea (206 páginas sin numerar) : _bIlustraciones |
||
| 336 |
_atexto _btxt _2rdacontent/spa |
||
| 337 |
_acomputadora _bc _2rdamedia/spa |
||
| 338 |
_arecurso en línea _bcr _2rdacarrier/spa |
||
| 500 | _aContiene índice. | ||
| 504 | _aContiene bibliografía. | ||
| 588 | _aDescripción basada en metadatos suministrados por el editor y otras fuentes. | ||
| 590 | _aRecurso electrónico. Santa Fe, Arg.: elibro, 2020. Disponible vía World Wide Web. El acceso puede estar limitado para las bibliotecas afiliadas a elibro. | ||
| 650 | 0 |
_aNationalism _zSpain _zPaís Vasco _xHistory. |
|
| 650 | 4 |
_aNacionalismo _zEspaña _zPaís Vasco _xHistoria. |
|
| 651 | 0 |
_aPaís Vasco (Spain) _xHistory _xAutonomy and independence movements. |
|
| 651 | 4 |
_aPaís Vasco (España) _xHistoria _xAutonomía e independencia. |
|
| 651 | 0 |
_aPaís Vasco (Spain) _xPolitics and government _y21st century. |
|
| 651 | 4 |
_aPaís Vasco (España) _xPolítica y gobierno _ySiglo 21. |
|
| 651 | 0 |
_aSpain _xPolitics and government _y21st century. |
|
| 651 | 4 |
_aEspaña _xPolítica y gobierno _ySiglo 21. |
|
| 655 | 4 | _aLibros electrónicos. | |
| 700 | 1 | _aArregui Aramburu, Joseba. | |
| 797 | 2 | _aelibro, Corp. | |
| 856 | 4 | 0 | _uhttps://elibro.net/ereader/politecnicointernacional/114657 |
| 999 |
_c31212 _d31212 |
||